[Event "CYP-ch"]
[Site "Larnaca"]
[Date "2025.03.22"]
[Round "6"]
[White "Isaakidis, Alexandros"]
[Black "Daniil, Daniil"]
[Result "1-0"]
[WhiteElo "2215"]
[BlackElo "1908"]
[PlyCount "83"]
[EventDate "2025.03.07"]
[EventType "tourn"]
[EventRounds "11"]
[EventCountry "CYP"]
[SourceTitle "CB15_2025"]
[SourceDate "2025.04.09"]
[SourceVersion "1"]
[SourceVersionDate "2025.04.09"]
[SourceQuality "1"]

1. c4 e6 2. Nf3 d5 3. g3 Nf6 4. Bg2 Be7 5. 0-0 0-0 6. b3 d4 7. e3 c5 8. exd4 cxd4 9. d3 Nc6 10. Re1 Re8 11. Ba3 Bxa3 12. Nxa3 e5 13. Nc2 Qd6 14. a3 a5 15. b4 Qc7 16. Qd2 h6 17. b5 Nb8 18. Re2 Bf5 19. Rae1 Nbd7 20. h3 Bh7 21. g4 Re6 22. Nh4 Nc5 23. Nf5 Nfd7 24. f4 Bxf5 25. gxf5 Rf6 26. fxe5 Rxf5 27. Nxd4 Rxe5 28. Rxe5 Nxe5 29. b6 Qd6 30. Nf5 Qf6 31. d4 Nxc4 32. Ne7+ Qxe7 33. Rxe7 Nxd2 34. dxc5 Rc8 35. Rxb7 Rxc5 36. Rb8+ Kh7 37. b7 Rb5 38. Rd8 Nc4 39. b8Q Rxb8 40. Rxb8 Nxa3 41. Be4+ g6 42. Bd3 1-0

[Event "CYP-ch"]
[Site "Larnaca"]
[Date "2025.03.16"]
[Round "5"]
[White "Daniil, Daniil"]
[Black "Constantinou, Samuel Johannes"]
[Result "0-1"]
[WhiteElo "1908"]
[BlackElo "1934"]
[PlyCount "106"]
[EventDate "2025.03.07"]
[EventType "tourn"]
[EventRounds "11"]
[EventCountry "CYP"]
[SourceTitle "CB15_2025"]
[SourceDate "2025.04.09"]
[SourceVersion "1"]
[SourceVersionDate "2025.04.09"]
[SourceQuality "1"]

1. e4 d6 2. d4 Nf6 3. Nc3 g6 4. g3 Bg7 5. Bg2 0-0 6. Nge2 Nbd7 7. h3 c5 8. Be3 Rb8 9. a4 Qa5 10. 0-0 cxd4 11. Nxd4 Ne5 12. Qe2 a6 13. f4 Nc6 14. Rfd1 Nxd4 15. Bxd4 e5 16. fxe5 dxe5 17. Ba7 Ra8 18. Qe3 Re8 19. Nd5 Nxd5 20. exd5 e4 21. c3 Qc7 22. Rd2 Bh6 23. Qxh6 Rxa7 24. Qe3 b6 25. Rad1 Qd6 26. Bf1 Rc7 27. Rd4 f5 28. Rb4 Rc5 29. Rbd4 Bb7 30. c4 Rc7 31. Be2 Kg7 32. Kg2 h6 33. Rf1 Rf7 34. h4 Kh7 35. Rd2 a5 36. Kh2 Rb8 37. Qf4 Qxf4 38. gxf4 Re7 39. Rc1 Rc8 40. Kg3 Kg7 41. Kf2 Kf6 42. Ke3 g5 43. hxg5+ hxg5 44. fxg5+ Ke5 45. Rf1 Rg8 46. Bd1 Rxg5 47. Rdf2 Rf7 48. Bc2 f4+ 49. Ke2 Bc8 50. Ke1 e3 51. Rf3 Rgg7 52. Rh1 Bg4 53. Rff1 f3 0-1

[Event "CYP-ch"]
[Site "Larnaca"]
[Date "2025.03.15"]
[Round "4"]
[White "Antoniou, Rafail"]
[Black "Daniil, Daniil"]
[Result "1-0"]
[WhiteElo "2087"]
[BlackElo "1908"]
[PlyCount "75"]
[EventDate "2025.03.07"]
[EventType "tourn"]
[EventRounds "11"]
[EventCountry "CYP"]
[SourceTitle "CB15_2025"]
[SourceDate "2025.04.09"]
[SourceVersion "1"]
[SourceVersionDate "2025.04.09"]
[SourceQuality "1"]

1. d4 Nf6 2. c4 e6 3. Nc3 d5 4. Bg5 Be7 5. e3 h6 6. Bxf6 Bxf6 7. Nf3 0-0 8. Rc1 c6 9. h4 Re8 10. g4 Nd7 11. g5 hxg5 12. hxg5 Bxg5 13. Nxg5 Qxg5 14. f4 Qg3+ 15. Kd2 Nf6 16. Qe2 c5 17. Rh3 Qg6 18. Qh2 Kf8 19. Bd3 Ne4+ 20. Bxe4 dxe4 21. Rg1 Qf6 22. Nxe4 Qd8 23. Rh8+ Ke7 24. Qh4+ Kd7 25. Nxc5+ Kc7 26. Qxd8+ Kxd8 27. Rxe8+ Kxe8 28. Rxg7 Kf8 29. Rh7 Kg8 30. Rh2 b6 31. Ne4 Bb7 32. Nd6 Bc6 33. e4 Kg7 34. Kd3 Rd8 35. e5 Rb8 36. d5 exd5 37. cxd5 Bxd5 38. Nf5+ 1-0

[Event "CYP-ch"]
[Site "Larnaca"]
[Date "2025.03.08"]
[Round "2"]
[White "Savva, Panikos"]
[Black "Daniil, Daniil"]
[Result "1/2-1/2"]
[WhiteElo "1942"]
[BlackElo "1908"]
[PlyCount "57"]
[EventDate "2025.03.07"]
[EventType "tourn"]
[EventRounds "11"]
[EventCountry "CYP"]
[SourceTitle "CB15_2025"]
[SourceDate "2025.04.09"]
[SourceVersion "1"]
[SourceVersionDate "2025.04.09"]
[SourceQuality "1"]

1. d4 Nf6 2. c4 e6 3. Nc3 d5 4. cxd5 Nxd5 5. e4 Nxc3 6. bxc3 c5 7. Bb5+ Bd7 8. Qa4 a6 9. Bxd7+ Qxd7 10. Qxd7+ Nxd7 11. Ne2 Be7 12. 0-0 b5 13. Be3 0-0 14. Rfd1 Rfd8 15. f3 h6 16. a4 Rab8 17. axb5 axb5 18. Ra7 cxd4 19. cxd4 Bf8 20. Rc1 Ra8 21. Rcc7 Rxa7 22. Rxa7 Nb6 23. Rb7 Nc4 24. Kf2 b4 25. Rc7 Na5 26. Ra7 Nc4 27. Rc7 Na5 28. Ra7 Nc4 29. Rc7 1/2-1/2

[Event "CYP-ch"]
[Site "Larnaca"]
[Date "2025.03.07"]
[Round "1"]
[White "Daniil, Daniil"]
[Black "Daniil, Christodoulos"]
[Result "1/2-1/2"]
[WhiteElo "1908"]
[BlackElo "1770"]
[PlyCount "90"]
[EventDate "2025.03.07"]
[EventType "tourn"]
[EventRounds "11"]
[EventCountry "CYP"]
[SourceTitle "CB15_2025"]
[SourceDate "2025.04.09"]
[SourceVersion "1"]
[SourceVersionDate "2025.04.09"]
[SourceQuality "1"]

1. e4 c5 2. Nf3 Nc6 3. d4 cxd4 4. Nxd4 e5 5. Nb5 a6 6. Nd6+ Bxd6 7. Qxd6 Qe7 8. Qd1 Nf6 9. Nc3 d6 10. Bg5 Be6 11. Nd5 Bxd5 12. exd5 Nb8 13. Qf3 Nbd7 14. 0-0-0 0-0 15. g4 Rfe8 16. h4 e4 17. Qg3 Ne5 18. Be2 Rac8 19. Kb1 Qc7 20. c3 Nfd7 21. h5 f6 22. Bf4 h6 23. Rd4 Nf7 24. Bd1 Nc5 25. Bc2 Qb6 26. Re1 Nd3 27. Bxd3 exd3 28. Rxe8+ Rxe8 29. Be3 Ne5 30. Bc1 Qb5 31. f4 d2 32. Bxd2 Nc4 33. b3 Nxd2+ 34. Rxd2 Qf1+ 35. Kb2 Re1 36. Qd3 Qxf4 37. Qd4 Re4 38. Qd3 Qxg4 39. c4 Qf4 40. Ka3 Qe5 41. Qh3 f5 42. Rf2 Rg4 43. Qf3 Rg5 44. Re2 Qd4 45. Re7 Qc5+ 1/2-1/2

[Event "CYP-ch op"]
[Site "Limassol"]
[Date "2024.02.11"]
[Round "3"]
[White "Daniil, Daniil"]
[Black "Karagiannis, Kosmas"]
[Result "1/2-1/2"]
[WhiteElo "1516"]
[BlackElo "1783"]
[PlyCount "61"]
[EventDate "2024.02.09"]
[EventType "swiss"]
[EventRounds "9"]
[EventCountry "CYP"]
[SourceTitle "EXT 2025"]
[Source "ChessBase"]
[SourceDate "2024.10.14"]
[SourceVersion "1"]
[SourceVersionDate "2024.10.14"]
[SourceQuality "1"]

1. e4 c6 2. d4 d5 3. Nc3 dxe4 4. Nxe4 Nf6 5. Nxf6+ exf6 6. c3 Bd6 7. Bd3 0-0 8. Ne2 Bg4 9. 0-0 Qc7 10. h3 Bh5 11. Qc2 Bg6 12. Bxg6 fxg6 13. b3 Re8 14. Bb2 c5 15. c4 Nc6 16. d5 Ne7 17. Rfe1 Nf5 18. Qd3 Re7 19. Nc3 a6 20. Re4 Rae8 21. Rae1 Kf7 22. Rxe7+ Rxe7 23. Rxe7+ Qxe7 24. Qe4 Be5 25. Kf1 b5 26. Nd1 Nd6 27. Qe2 Bxb2 28. Nxb2 Qe4 29. f3 Qxe2+ 30. Kxe2 Ke7 31. Ke1 1/2-1/2

[Event "World ol U16"]
[Site "Eindhoven"]
[Date "2023.08.18"]
[Round "9.28"]
[White "Saipetch, Kai"]
[Black "Daniil, Daniil"]
[Result "0-1"]
[WhiteElo "1340"]
[BlackElo "1482"]
[PlyCount "86"]
[EventDate "2023.08.13"]
[EventType "team-swiss"]
[EventRounds "9"]
[EventCountry "NED"]
[SourceTitle "CBM 215 Extra"]
[Source "ChessBase"]
[SourceDate "2023.09.30"]
[SourceVersion "1"]
[SourceVersionDate "2023.09.30"]
[SourceQuality "1"]
[WhiteTeam "Thailand"]
[BlackTeam "Cyprus"]
[WhiteTeamCountry "THA"]
[BlackTeamCountry "CYP"]

1. e4 e5 2. Nf3 Nc6 3. Nc3 Nf6 4. d4 exd4 5. Nxd4 Nxe4 6. Nxe4 Qe7 7. Qd3 d5 8. Nxc6 bxc6 9. f3 dxe4 10. Qxe4 Qxe4+ 11. fxe4 Bd6 12. Bc4 0-0 13. Be3 Bg4 14. 0-0 Bh5 15. Bd4 Rfe8 16. Rae1 Re7 17. Re3 Bg6 18. Rfe1 Bb4 19. c3 Ba5 20. e5 Bb6 21. e6 f6 22. R3e2 Rd8 23. Bf2 Rd6 24. h3 Bh5 25. g4 Bg6 26. Kg2 Bxf2 27. Kxf2 Kf8 28. Kg3 Bd3 29. Bxd3 Rxd3+ 30. Re3 Rd2 31. R1e2 Rd6 32. Kf4 Re8 33. h4 Ke7 34. g5 Rf8 35. Re4 f5 36. Re5 g6 37. a4 Rd5 38. Rxd5 cxd5 39. Ke5 Rd8 40. b4 Rd6 41. Rd2 Rxe6+ 42. Kd4 Kd6 43. b5 Re4+ 0-1

[Event "World ol U16"]
[Site "Eindhoven"]
[Date "2023.08.17"]
[Round "7.26"]
[White "Lai, Hong Yi"]
[Black "Daniil, Daniil"]
[Result "0-1"]
[WhiteElo "1452"]
[BlackElo "1482"]
[PlyCount "138"]
[EventDate "2023.08.13"]
[EventType "team-swiss"]
[EventRounds "9"]
[EventCountry "NED"]
[SourceTitle "CBM 215 Extra"]
[Source "ChessBase"]
[SourceDate "2023.09.30"]
[SourceVersion "1"]
[SourceVersionDate "2023.09.30"]
[SourceQuality "1"]
[WhiteTeam "Chinese Taipei"]
[BlackTeam "Cyprus"]
[WhiteTeamCountry "TPE"]
[BlackTeamCountry "CYP"]

1. d4 Nf6 2. c4 g6 3. Nc3 d5 4. cxd5 Nxd5 5. Bd2 Bg7 6. e4 Nxc3 7. Bxc3 0-0 8. Qd2 c5 9. d5 e6 10. Bc4 exd5 11. Bxd5 Nc6 12. Ne2 Be6 13. Bxg7 Kxg7 14. 0-0 Rc8 15. Rad1 Qe7 16. Rfe1 Rfd8 17. Qc3+ Kg8 18. a3 Rc7 19. Bxe6 fxe6 20. Rxd8+ Nxd8 21. Rd1 Nc6 22. Nf4 Nd4 23. Qh3 Rd7 24. Qg4 Rd6 25. h4 Qg7 26. Rd3 e5 27. Nd5 Rc6 28. Kh2 h5 29. Qg5 Kh7 30. Qd8 a6 31. Rg3 Re6 32. Qa5 Rc6 33. Qd2 Re6 34. Ne3 Rd6 35. Qe1 Qe7 36. Nd5 Qxh4+ 37. Kg1 Ne6 38. Rh3 Qg5 39. Rg3 Qh4 40. Rh3 Qg5 41. Rg3 Qd8 42. Qc3 Nd4 43. Qe3 Qf8 44. Rg5 Qg7 45. Qe1 Rc6 46. Kh2 Re6 47. Qc3 Rc6 48. Ne3 Qf6 49. Rg3 Qxf2 50. Nc4 Qf6 51. Qe1 Qf4 52. Kg1 Rf6 53. Rh3 Qg5 54. Kh1 Rf4 55. Nd2 Rg4 56. Nf3 Nxf3 57. gxf3 Rf4 58. Qd2 Qe7 59. Qd5 Rf6 60. Rg3 Rd6 61. Qb3 Qh4+ 62. Kg2 Rd2+ 63. Kf1 Qxg3 64. Qf7+ Kh6 65. Qf8+ Kg5 66. Qe7+ Kf4 67. Qf7+ Ke3 68. Qb3+ Rd3 69. Qc2 Qxf3+ 0-1